000
00324 a2200157 4500
001
162684
020
_a
85-86295-02-7
040
_c
Magnum
100
_a
Guedes, Hardy
240
1
0
_a
Itacueretaba
_l
por
245
1
0
_a
Itacueretaba
300
_a
24
362
0
_a
1997
697
_a
LITERATURA INFANTO-JUVENIL
942
_c
BK
999
_c
162684
_d
162684